Bilecik Bilecik Bilecik Bilecik Bilecik

Mi'râcü'l-Beyân : (Record no. 58147)

MARC details
000 -BAŞLIK
Sabit Uzunluktaki Kontrol Alanı 01457nam a22003977a 4500
001 - KONTROL NUMARASI
Control Dosyası 0058343
003 - KONTROL NUMARASI KİMLİĞİ
Kontrol Alanı KOHA_MİRAKIL
005 - EN SON İŞLEM TARİHİ ve ZAMANI
Kontrol Alanı 20260207004151.0
007 - FİZİKSEL TANIM SABİT ALAN - GENEL BİLGİ
Sabit uzunluklu kontrol alanı ta
008 - SABİT UZUNLUKTAKİ VERİ ÖGELERİ - GENEL BİLGİ
Sabit Alan 160609b2013 tu |||gr||||#0|||1|tur |
020 ## - ISBN - ULUSLARARASI STANDART KİTAP NUMARASI
Isbn 9789758264636
040 ## - KATALOGLAMA KAYNAĞI
Özgün Kataloglama Kurumu TR-BiSEU
Kataloglama Dili tur
Çeviri Kurumu TR-BiSEU
Açıklama Kuralları rda
041 0# - DİL KODU
Metin ya da ses kaydının dil kodu tur
044 ## - YAYINLAYAN/ÜRETEN KURULUŞUN ÜLKE KODU
ISO country code tu
050 ## - SINIFLAMA ve YER NUMARASI
Sınıflama Numarası PL248.M87
Yer Numarası M57 2013
100 0# - KİŞİ ADI
Yazar Adı (Kişi adı) Muslihüddin Vahyî.
245 1# - ESER ADI BİLDİRİMİ
Başlık Mi'râcü'l-Beyân :
Alt Eseradı vb. mi'râcın tasavvufi boyutu/
Sorumluluk Bildirimi Muslihüddin Vahyî ; Muslihüddin Vahyî, ; yayına hazırlayanlar, Mustafa Tatcı, Cemâl Kurnaz.
250 ## - BASIM BİLDİRİMİ
Basım Bildirimi Birinci basım
264 #1 - ÜRERİM, YAYIN, DAĞITIM ve TELİF BİLDİRİMİ
Yayın yeri İstanbul :
Yayınlayan Kırkambar Kitaplığı
Yayın tarihi 2013
300 ## - FİZİKSEL TANIMLAMA
Sayfa, Cilt vb. 192 sayfa ;
Boyutları 21 cm.
336 ## - İÇERİK TÜRÜ
Content type term metin
Content type code txt
Source rdacontent
337 ## - MEDYA TÜRÜ
Media type term aracısız
Media type code n
Source rdamedia
338 ## - TAŞIYICI TÜRÜ
Carrier type term cilt
Carrier type code nc
Source rdacarrier
490 0# - DİZİ BİLDİRİMİ
Dizi Bildirimi Kırkambar Yayınları 88.
490 0# - DİZİ BİLDİRİMİ
Dizi Bildirimi Tasavvuf 21
500 ## - GENEL NOT
Genel Not Kaynakça var.
505 ## - İÇİNDEKİLER NOTU
İçindekiler Notu ÖNSÖZ 7
650 #0 - KONU BAŞLIĞI EK GİRİŞ - KONU TERİMİ
Konusal terim veya coğrafi ad Türk şiiri.
9 (RLIN) 3914
650 #0 - KONU BAŞLIĞI EK GİRİŞ - KONU TERİMİ
Konusal terim veya coğrafi ad Turkish poetry.
9 (RLIN) 3912
650 #0 - KONU BAŞLIĞI EK GİRİŞ - KONU TERİMİ
Konusal terim veya coğrafi ad Tasavvuf şiiri.
9 (RLIN) 13679
650 #0 - KONU BAŞLIĞI EK GİRİŞ - KONU TERİMİ
Konusal terim veya coğrafi ad Sufi poetry.
9 (RLIN) 13680
830 0# - SERİ EK GİRİŞİ - TEKBİÇİM ESER ADI
Tekbiçim Başlık Kırkambar Yayınları 88.
9 (RLIN) 108012
830 0# - SERİ EK GİRİŞİ - TEKBİÇİM ESER ADI
Tekbiçim Başlık Tasavvuf 21
9 (RLIN) 108013
907 ## - LOCAL DATA ELEMENT G, LDG (RLIN)
a Roman
942 ## - EK GİRİŞ ÖGELERİ (KOHA)
Source of classification or shelving scheme Library of Congress Classification
Koha item type Book
505 ## - İÇİNDEKİLER NOTU
-- MUSLİHÜDDİN VAHYİ VE Mİ'RÂCÜ'L-BEYÂN'i 9
-- VAHYÎ'NİN TASAVVUFÎ GÖRÜŞLERİ 39
-- AŞK VE MELÂMET EHLİNE GÖRE MUHAMMEDÎLİK 43 Mİ'RÂCÜ'L-BEYÂN 67
-- Mİ'RÂCÜ'L-BEYÂN'DA GEÇEN AYET VE HADİSLER 193
-- KAYNAKLAR 197
Holdings
Materyal Türü Kalıcı Konum Mevcut Konum Raf Yeri Sınıflandırma Kaynağı Edinim Bilgisi Ana Konular Alt Konular Yer Numarası Demirbaş Numarası Fatura Tarihi Geri Çekilme Durumu Kayıp Durumu Hasarlı Durumu Kredi için değil Kayıt Tarih Toplam Ödünçverme Son Görülme Tarihi Son Kontrol Tarihi Genel / Bağış Notu
Book Prof. Dr. Azmi Özcan Kütüphanesi Prof. Dr. Azmi Özcan Kütüphanesi Birûni Salonu Library of Congress Classification Bağış DİL VE EDEBİYAT Doğu Asya, Afrika, Okyanusya Dilleri ve Edebiyatları PL248.M87 M57 2013 0058343 02/02/2026         09/06/2016   05/12/2024 05/12/2024 Ankara Üniversitesi İlahiyat Fakültesi